Frutta e verdura (Lp Pld L 5069) (Record n. 99578)

Dettagli MARC
000 -LEADER
fixed length control field 02901njm a2200505Ia 4500
001 - CONTROL NUMBER
control field 20911
003 - CONTROL NUMBER IDENTIFIER
control field IT-RoPAU
005 - DATE AND TIME OF LATEST TRANSACTION
control field 20220918181118.0
008 - FIXED-LENGTH DATA ELEMENTS--GENERAL INFORMATION
fixed length control field 131025s9999 xx 000 0 und d
040 ## - CATALOGING SOURCE
Original cataloging agency IT-RoPAU
040 ## - CATALOGING SOURCE
Transcribing agency IT-RoPAU
041 ## - LANGUAGE CODE
Language code of text/sound track or separate title ITALIANO
999 ## - SYSTEM CONTROL NUMBERS (KOHA)
Koha Dewey Subclass [OBSOLETE] n.d.
100 ## - MAIN ENTRY--PERSONAL NAME
Personal name AA.VV.
9 (RLIN) 794
100 ## - MAIN ENTRY--PERSONAL NAME
Relator term Autore musica
9 (RLIN) 4165
100 ## - MAIN ENTRY--PERSONAL NAME
Miscellaneous information Codice autore musica SPICS: 12000
9 (RLIN) 796
245 ## - TITLE STATEMENT
Title Frutta e verdura (Lp Pld L 5069)
250 ## - EDITION STATEMENT
Edition statement 1a ed.
260 ## - PUBLICATION, DISTRIBUTION, ETC. (IMPRINT)
Place of publication, distribution, etc. LUGANO
260 ## - PUBLICATION, DISTRIBUTION, ETC. (IMPRINT)
Name of publisher, distributor, etc. PDU
Date of publication, distribution, etc. 1973 [1a Ed.:1973 - Ed. Lingua Orig.: 1973]
300 ## - PHYSICAL DESCRIPTION
Extent DISCO
300 ## - PHYSICAL DESCRIPTION
Dimensions 42 minuti (Testo: pag.)
500 ## - GENERAL NOTE
General note Musica leggera italiana
505 ## - FORMATTED CONTENTS NOTE
Formatted contents note Fa qualcosa (4:00) - Non tornare più (5:00) - Devo tornare a casa mia (4:00) - Domenica sera (4:00) - La vigilia di Natale (4:00) - Questo si, questo no (5:00) - E poi... (5:00) - Dichiarazione d'amore (3:00) - La pioggia di marzo (4:00) - Tentiamo ancora (4:00)
511 ## - PARTICIPANT OR PERFORMER NOTE
Participant or performer note Mina (Mazzini A.M.)
511 ## - PARTICIPANT OR PERFORMER NOTE
Participant or performer note Orchestra Pino Presti
511 ## - PARTICIPANT OR PERFORMER NOTE
Participant or performer note Orchestra Natale Massara
650 ## - SUBJECT ADDED ENTRY--TOPICAL TERM
Topical term or geographic name as entry element CANZONE [DISCHI]
Relator term Codice MATERIA SPICS: 9950
9 (RLIN) 920
700 ## - ADDED ENTRY--PERSONAL NAME
Personal name Malgoni M.
Miscellaneous information Codice autore musica SPICS: 14072
Relator term Autore musica
Name of part/section of a work Fa qualcosa
9 (RLIN) 4167
700 ## - ADDED ENTRY--PERSONAL NAME
Personal name Testa Arturo
Miscellaneous information Codice autore testo/musica SPICS: 13685
Relator term Autore testo/musica
Name of part/section of a work Fa qualcosa
9 (RLIN) 4169
700 ## - ADDED ENTRY--PERSONAL NAME
Personal name Baldan Bembo Dario
Miscellaneous information Codice autore musica SPICS: 9846
Relator term Autore musica
Name of part/section of a work Non tornare più
9 (RLIN) 4171
700 ## - ADDED ENTRY--PERSONAL NAME
Personal name Califano Franco
Miscellaneous information Codice autore testo/musica SPICS: 16101
Relator term Autore testo/musica
Name of part/section of a work Non tornare più
9 (RLIN) 4172
700 ## - ADDED ENTRY--PERSONAL NAME
Personal name Clausetti L.
Miscellaneous information Codice autore testo/musica SPICS: 14220
Relator term Autore testo/musica
Name of part/section of a work Devo tornare a casa mia
9 (RLIN) 4173
700 ## - ADDED ENTRY--PERSONAL NAME
Personal name Castellari Camillo & Corrado
Miscellaneous information Codice autore musica SPICS: 16011
Relator term Autore musica
Name of part/section of a work Domenica sera
9 (RLIN) 4174
700 ## - ADDED ENTRY--PERSONAL NAME
Personal name Scandolara Sandro
Miscellaneous information Codice autore testo/musica SPICS: 1541
Relator term Autore testo/musica
Name of part/section of a work Domenica sera
9 (RLIN) 4175
700 ## - ADDED ENTRY--PERSONAL NAME
Personal name Shapiro S.
Miscellaneous information Codice autore musica SPICS: 20268
Relator term Autore musica
Name of part/section of a work La vigilia di Natale - E poi...
9 (RLIN) 4176
700 ## - ADDED ENTRY--PERSONAL NAME
Personal name Lo Vecchio A.
Miscellaneous information Codice autore testo/musica SPICS: 18919
Relator term Autore testo/musica
Name of part/section of a work La vigilia di Natale - E poi... - Tentiamo ancora
9 (RLIN) 4177
700 ## - ADDED ENTRY--PERSONAL NAME
Personal name Donaggio Pino
Miscellaneous information Codice autore musica SPICS: 13658
Relator term Autore musica
Name of part/section of a work Questo si, questo no
9 (RLIN) 4178
700 ## - ADDED ENTRY--PERSONAL NAME
Personal name Calabrese Giorgio
Miscellaneous information Codice autore testo/musica SPICS: 1368
Relator term Autore testo/musica
Name of part/section of a work Questo si, questo no - La pioggia di marzo
9 (RLIN) 4179
700 ## - ADDED ENTRY--PERSONAL NAME
Personal name Anelli Angelo
Miscellaneous information Codice autore musica SPICS: 16874
Relator term Autore musica
Name of part/section of a work Dichiarazione d'amore
9 (RLIN) 4180
700 ## - ADDED ENTRY--PERSONAL NAME
Personal name Pallavicini Vito
Miscellaneous information Codice autore testo/musica SPICS: 13656
Relator term Autore testo/musica
Name of part/section of a work Dichiarazione d'amore
9 (RLIN) 4181
700 ## - ADDED ENTRY--PERSONAL NAME
Personal name Jobim Antonio Carlos
Miscellaneous information Codice autore testo/musica SPICS: 21135
Relator term Autore testo/musica
Name of part/section of a work La pioggia di marzo
9 (RLIN) 4182
700 ## - ADDED ENTRY--PERSONAL NAME
Personal name Presti P.
Miscellaneous information Codice autore musica SPICS: 24523
Relator term Autore musica
Name of part/section of a work Tentiamo ancora
9 (RLIN) 4183
942 ## - ADDED ENTRY ELEMENTS (KOHA)
Koha item type DISCHI
Source of classification or shelving scheme Dewey Decimal Classification
Dati di copia
Withdrawn status Lost status Damaged status Not for loan Home library Current library Date acquired Total Checkouts Full call number Date last seen Price effective from Koha item type Public note
    Buone Condizioni Not For Loan SPICS-MEDIATECA SPICS-MEDIATECA 25/10/2013   20911 25/10/2013 25/10/2013 DISCHI Progr. Ins.: 4214 / N.Vol.: 1 / Copie: 1 - Copia rara: n.d. / date import: 01.01.2014 - By Epidotti, Trombetti, Vaglietti
CREDITS: SOCIETA' SAN PAOLO Via A.Severo, 58 - ROMA (RM) & PERIODICI SAN PAOLO SRL Via Giotto, 36 MILANO & CISF Via Giotto, 36 MILANO & EDIZIONI SAN PAOLO SRL,  Piazza Soncino, 5 CINISELLO BALSAMO (MI) -- ITALY